000 00229nam a2200109Ia 4500
005 20251222143159.0
008 251222s9999||||xx |||||||||||||| ||spa||
082 _a516/C46
245 0 _aGeometrĂ­a
264 _bUNFV
942 _cLIB
999 _c13010
_d13010